000 00528nam a22001817a 4500
005 20240110104815.0
008 240110b |||||||| |||| 00| 0 eng d
020 _a9780409051483
041 _aEnglish
082 _a346.7 COM
100 _aNagel, CJ et al.
_lEnglish
245 _aCommercial Law /
_cCJ Nagel et al.
250 _aFourth Edition
260 _aDurban :
_bLexisNexis,
_c2011
300 _bviii, 791 pages ;
_c25 cm.
650 _aLegal practice
_bLaw
942 _cBK
_6ALISON_BN_VRIES
999 _c1215
_d1215